[Event "4th Sunway Formentera Op"]
[Site "Sant Ferran de ses Roques ESP"]
[Date "2025.05.01"]
[Round "3.4"]
[White "Omelja, Artem"]
[Black "Toniolo, Samuel"]
[Result "1-0"]
[WhiteTitle "GM"]
[WhiteElo "2397"]
[BlackElo "2115"]
[WhiteFideId "14119846"]
[BlackFideId "2849203"]
[EventDate "2025.04.29"]

1. Nf3 Nf6 2. c4 b6 3. g3 Bb7 4. Bg2 g6 5. O-O Bg7 6. Nc3 O-O 7. d4 Ne4 8. Nxe4
Bxe4 9. Be3 c5 10. Qd2 cxd4 11. Bxd4 Nc6 12. Bxg7 Kxg7 13. Rad1 d6 14. Qe3 Bxf3
15. exf3 Rc8 16. f4 Re8 17. b3 Qc7 18. Rfe1 e5 19. fxe5 dxe5 20. Bxc6 Qxc6 21.
Rd5 f6 22. Red1 Re7 23. Rd6 Qc5 24. Qf3 f5 25. R1d5 Qa3 26. Qc3 Rce8 27. Qd2 Re6
28. Rd7+ R8e7 29. c5 bxc5 30. R5d6 Rxd7 31. Rxd7+ Kf6 32. Qh6 Qb4 33. h4 Qe1+
34. Kg2 Qe4+ 35. Kh2 1-0

[Event "4th Sunway Formentera Op"]
[Site "Sant Ferran de ses Roques ESP"]
[Date "2025.05.01"]
[Round "3.5"]
[White "Sudarshan, Bhat"]
[Black "Baillon, Olivier"]
[Result "1-0"]
[WhiteElo "2103"]
[BlackElo "2188"]
[WhiteFideId "35070843"]
[BlackFideId "616141"]
[EventDate "2025.04.29"]

1. e4 c5 2. c3 Nf6 3. e5 Nd5 4. Nf3 d6 5. exd6 e6 6. g3 Bxd6 7. Bg2 O-O 8. O-O
Nc6 9. d4 cxd4 10. Nxd4 Nxd4 11. Qxd4 Qc7 12. c4 Nf6 13. Nc3 Bd7 14. Nb5 Bxb5
15. cxb5 Rfd8 16. Qd3 Be5 17. Qe2 Rac8 18. Bg5 h6 19. Rac1 Qb8 20. Rxc8 Rxc8 21.
Be3 Nd7 22. Rd1 Rc7 23. b6 axb6 24. Bxb6 Nxb6 25. Qxe5 Qc8 26. Qe3 Rd7 27. Rxd7
Nxd7 28. h3 Qc7 29. a4 Nf6 30. Kh2 Ne8 31. Qd4 Kf8 32. b4 b6 33. Qd2 Nd6 34. a5
bxa5 35. bxa5 Qc5 36. a6 Ke7 37. Qb2 Qa7 38. Bb7 f6 39. Kg1 Kd7 40. Qb4 Kc7 41.
Qg4 Nxb7 42. Qxg7+ Kc6 43. axb7 Qxb7 44. Qxf6 Qb1+ 45. Kg2 Kd6 46. Qxh6 Kd5 1-0

[Event "4th Sunway Formentera Op"]
[Site "Sant Ferran de ses Roques ESP"]
[Date "2025.05.01"]
[Round "3.6"]
[White "Stevens, Christian FRA"]
[Black "Pimpalkhare, Vedant"]
[Result "0-1"]
[BlackTitle "CM"]
[WhiteElo "2013"]
[BlackElo "2199"]
[WhiteFideId "649090"]
[BlackFideId "25048236"]
[EventDate "2025.04.29"]

1. e4 e6 2. d4 d5 3. Nc3 Be7 4. Be3 dxe4 5. Nxe4 Nd7 6. Nf3 Ngf6 7. Nxf6+ Nxf6
8. Be2 O-O 9. O-O Nd5 10. Qd2 c5 11. dxc5 Nxe3 12. Qxe3 Qa5 13. Bd3 Qxc5 14. Qe4
g6 15. Rfe1 Bf6 16. Ne5 Bg7 17. Rad1 f6 18. Nf3 Kh8 19. Qc4 Qxc4 20. Bxc4 e5 21.
Rd6 Bf5 22. c3 Rac8 23. Bb3 Rc7 24. h3 Rd7 25. Rxd7 Bxd7 26. Rd1 Bc6 27. Kf1 f5
28. Ke1 Bf6 29. Bd5 Bxd5 30. Rxd5 e4 31. Ne5 Bxe5 32. Rxe5 Rf7 33. Rd5 Kg7 34.
Ke2 Kf6 35. Ke3 Ke6 36. Kd4 Rc7 37. c4 Rc6 38. Re5+ Kf6 39. Rb5 Rd6+ 40. Rd5 Re6
41. Rd7 f4 42. Kc3 e3 43. fxe3 fxe3 44. Rd1 Kf5 45. Kd3 Rd6+ 46. Ke2 Rxd1 47.
Kxd1 Ke4 48. Ke2 a5 49. c5 Kd4 50. b3 Kxc5 51. Kxe3 Kb4 52. Kd4 Ka3 53. Kc4 Kxa2
54. Kb5 Kxb3 55. Kxa5 Kc4 56. Kb6 Kd4 57. Kxb7 Ke3 0-1

[Event "4th Sunway Formentera Op"]
[Site "Sant Ferran de ses Roques ESP"]
[Date "2025.05.01"]
[Round "3.7"]
[White "Deodhar, Vrushali Umesh"]
[Black "Silva, Lourenco Santa Clara"]
[Result "1-0"]
[WhiteTitle "WFM"]
[WhiteElo "2120"]
[BlackElo "1995"]
[WhiteFideId "5076030"]
[BlackFideId "1971344"]
[EventDate "2025.04.29"]

1. c4 e5 2. Nc3 Bb4 3. g3 Bxc3 4. bxc3 d6 5. Bg2 f5 6. d3 Nf6 7. Nf3 O-O 8. O-O
Qe8 9. Ne1 Qh5 10. Bd2 Nc6 11. Nc2 f4 12. f3 Qg6 13. Qe1 Nh5 14. g4 Nf6 15. Qh4
h5 16. gxh5 Nxh5 17. Kf2 Rf5 18. Bh3 Rg5 19. Rg1 Ng3 20. Bxc8 Rh5 21. Qg4 Rxh2+
22. Rg2 Qxg4 23. Bxg4 Rxg2+ 24. Kxg2 Nxe2 25. Rb1 b6 26. Be6+ Kf8 27. Bd5 Re8
28. Bxc6 Re6 29. Be4 1-0

[Event "4th Sunway Formentera Op"]
[Site "Sant Ferran de ses Roques ESP"]
[Date "2025.05.01"]
[Round "3.8"]
[White "Huguet, Sergio"]
[Black "Lasinskas, Povilas"]
[Result "0-1"]
[WhiteTitle "FM"]
[BlackTitle "FM"]
[WhiteElo "1934"]
[BlackElo "2105"]
[WhiteFideId "2212552"]
[BlackFideId "12800503"]
[EventDate "2025.04.29"]

1. e4 e5 2. Nf3 Nc6 3. d4 exd4 4. Bc4 Nf6 5. O-O Nxe4 6. Re1 d5 7. Bxd5 Qxd5 8.
Nc3 Qh5 9. Nxe4 Be6 10. Bg5 Bd6 11. Nxd6+ cxd6 12. c3 O-O 13. cxd4 Bd5 14. Be3
Bxf3 15. Qxf3 Qxf3 16. gxf3 Rac8 17. Rec1 Nb4 18. Kf1 Nd5 19. Ke2 f5 20. Bd2 Kf7
21. Rxc8 Rxc8 22. Rc1 Rxc1 23. Bxc1 Ke6 24. f4 Nb4 25. a3 Nc6 26. Kd3 Kd5 27.
Be3 b5 28. f3 Ne7 29. b3 Ng6 30. Ke2 h5 31. Kd3 Nh4 32. Ke2 a6 33. h3 Ng6 34.
Kd3 Nf8 35. Ke2 Ne6 36. Kd3 g5 37. fxg5 f4 38. Bd2 Nxg5 39. Bxf4 Nxf3 40. Be3
Nh4 41. Bf2 Nf5 42. Bg1 Ne7 43. Be3 Nc6 44. Bf2 Na5 45. Kc3 Ke4 46. Bg3 d5 47.
Kb4 Nc6+ 48. Kc5 Nxd4 49. Kb6 Nc2 50. Kxa6 d4 51. Bh4 d3 0-1

[Event "4th Sunway Formentera Op"]
[Site "Sant Ferran de ses Roques ESP"]
[Date "2025.05.01"]
[Round "3.9"]
[White "Lemonnier, Remi"]
[Black "Spitz, Patrick"]
[Result "1-0"]
[WhiteElo "2099"]
[BlackElo "1981"]
[WhiteFideId "648280"]
[BlackFideId "613118"]
[EventDate "2025.04.29"]

1. e4 d5 2. exd5 Qxd5 3. Nf3 Bg4 4. Be2 Nc6 5. d4 Nf6 6. O-O O-O-O 7. Be3 Qf5 8.
c4 e5 9. d5 Bxf3 10. Bxf3 e4 11. Be2 Ne5 12. f3 exf3 13. Bxf3 Nxc4 14. Bd4 Kb8
15. Nc3 Nb6 16. Qb3 Bd6 17. g3 Qh3 18. Bg2 Qg4 19. Rad1 h5 20. Nb5 h4 21. Nxd6
Rxd6 22. Be5 Rd7 23. Bf3 Qc4 24. Qa3 hxg3 25. Bxg3 Nfxd5 26. Rc1 Qd4+ 27. Kh1
Re8 28. Rfd1 Qe3 29. Re1 1-0

[Event "4th Sunway Formentera Op"]
[Site "Sant Ferran de ses Roques ESP"]
[Date "2025.05.02"]
[Round "4.1"]
[White "Dragnev, Valentin"]
[Black "Bauer, Thomas"]
[Result "1-0"]
[WhiteTitle "GM"]
[BlackTitle "CM"]
[WhiteElo "2538"]
[BlackElo "2245"]
[WhiteFideId "1634852"]
[BlackFideId "1639293"]
[EventDate "2025.04.29"]

1. e4 c5 2. Nf3 d6 3. Bc4 Nf6 4. d3 Nc6 5. O-O e6 6. a4 Be7 7. Re1 O-O 8. Nbd2
b6 9. c3 Rb8 10. Ba2 d5 11. e5 Nd7 12. d4 cxd4 13. cxd4 Nb4 14. Bb1 a5 15. Nf1
Ba6 16. Ra3 Re8 17. h4 Rb7 18. Ng5 Nf8 19. Rg3 f5 20. Qh5 Bxg5 21. Bxg5 Qd7 22.
Qd1 b5 23. axb5 Qxb5 24. Nd2 Nd7 25. Qh5 Nf8 26. Nb3 Rf7 27. Nc5 Bc8 28. Qd1 Rc7
29. Bd2 Qb6 30. h5 Nc6 31. Bc3 Kh8 32. Qd2 Ra7 33. Bc2 Nd7 34. Nxd7 Rxd7 35. h6
Rg8 36. Ba4 Ba6 37. Bxa5 Qb7 38. Rb3 Qa8 39. Bxc6 Qxc6 40. Rb6 Qa8 41. Rxe6 Bd3
42. Bb4 Qa4 43. Be7 Rxe7 44. Rxe7 g5 45. Rg7 1-0

[Event "4th Sunway Formentera Op"]
[Site "Sant Ferran de ses Roques ESP"]
[Date "2025.05.02"]
[Round "4.2"]
[White "Omelja, Artem"]
[Black "Fedorchuk, Sergey A."]
[Result "1/2-1/2"]
[WhiteTitle "GM"]
[BlackTitle "GM"]
[WhiteElo "2397"]
[BlackElo "2563"]
[WhiteFideId "14119846"]
[BlackFideId "14102536"]
[EventDate "2025.04.29"]

1. Nf3 Nf6 2. c4 e6 3. b3 b6 4. g3 Bb7 5. Bg2 Be7 6. O-O O-O 7. Bb2 d5 8. e3 c5
9. Qe2 Qc8 10. d3 Rd8 11. Nbd2 Nc6 12. e4 dxe4 13. dxe4 Qd7 14. e5 Ne8 15. Rfd1
Qd3 16. Qxd3 Rxd3 17. Ne1 Rd7 18. Nf1 Rad8 19. Ne3 Nc7 20. Rxd7 Rxd7 21. Rd1
Rxd1 22. Nxd1 Nd8 23. Bxb7 Nxb7 24. Nd3 Na5 25. Ne3 Nc6 26. Kg2 h5 27. f4 g6 28.
Kf3 Kf8 29. Ke4 Ke8 30. h3 Kd7 31. g4 hxg4 1/2-1/2

[Event "4th Sunway Formentera Op"]
[Site "Sant Ferran de ses Roques ESP"]
[Date "2025.05.02"]
[Round "4.3"]
[White "Lopez Martinez, Josep Manuel"]
[Black "Sudarshan, Bhat"]
[Result "1-0"]
[WhiteTitle "GM"]
[WhiteElo "2460"]
[BlackElo "2103"]
[WhiteFideId "2212943"]
[BlackFideId "35070843"]
[EventDate "2025.04.29"]

1. Nf3 c5 2. c4 g6 3. d4 cxd4 4. Nxd4 Nc6 5. e4 Nf6 6. Nc3 d6 7. f3 Nxd4 8. Qxd4
Bg7 9. Be3 O-O 10. Qd2 Qa5 11. Rc1 Be6 12. b3 Rfc8 13. Bd3 Rab8 14. Ne2 Qxd2+
15. Kxd2 Nd7 16. Nf4 b6 17. h4 Bb2 18. Rc2 Ba3 19. h5 Bc5 20. Nxe6 Bxe3+ 21.
Kxe3 fxe6 22. f4 e5 23. g3 exf4+ 24. gxf4 e5 25. f5 g5 26. Be2 Rd8 27. Rd2 Nf6
28. Rhd1 h6 29. Rxd6 Rxd6 30. Rxd6 Kf7 31. Rc6 Rd8 32. c5 bxc5 33. Rxc5 Re8 34.
Bc4+ Kf8 35. Rc6 Kg7 36. Rc7+ Kh8 37. Rxa7 Rc8 38. Re7 Rc5 39. Re6 Kg7 40. Rb6
Nxh5 41. Rg6+ Kh7 42. Bg8+ Kh8 43. Rxh6+ Kxg8 44. Rxh5 Rc3+ 45. Kf2 Rc2+ 46. Kf3
Rxa2 47. Rxg5+ Kf7 48. Rg6 Rc2 49. Re6 Rc3+ 50. Kg4 Rxb3 51. Rxe5 Rb1 52. Re6
Rf1 53. Ra6 Rf2 54. Kg5 Rb2 55. Ra7+ Kf8 56. e5 Rb6 57. e6 Rb8 58. Kg6 Rb1 59.
f6 Rg1+ 60. Kh5 Kg8 61. Ra8+ Kh7 62. f7 Rg7 63. Ra7 1-0

[Event "4th Sunway Formentera Op"]
[Site "Sant Ferran de ses Roques ESP"]
[Date "2025.05.02"]
[Round "4.4"]
[White "Lemonnier, Remi"]
[Black "Kogan, Arthur"]
[Result "1-0"]
[BlackTitle "GM"]
[WhiteElo "2099"]
[BlackElo "2484"]
[WhiteFideId "648280"]
[BlackFideId "2800802"]
[EventDate "2025.04.29"]

1. e4 c5 2. Nc3 a6 3. Nge2 Nf6 4. g3 d5 5. exd5 Nxd5 6. Bg2 Nc7 7. d4 cxd4 8.
Qxd4 Qxd4 9. Nxd4 e5 10. Nb3 Nc6 11. Be3 Bb4 12. Bc5 Bxc3+ 13. bxc3 Bd7 14. Nd2
Nb5 15. a4 Nba7 16. Nc4 Be6 17. Nd6+ Kd7 18. Nxb7 Rab8 19. Rb1 Nc8 20. O-O N6e7
21. Rfd1+ Kc7 22. Na5 Rd8 23. Re1 Rxb1 24. Rxb1 Rd2 25. Be4 Bd5 26. Be3 Bxe4 27.
Bxd2 Nb6 28. Be3 Ned5 29. Bxb6+ Nxb6 30. Re1 Bxc2 31. Rxe5 Kd6 32. f4 Nxa4 33.
Nb7+ Kc6 34. Nd8+ Kb6 35. c4 Nc5 36. Nxf7 a5 37. Nd6 Bd3 38. Re7 a4 39. Nb5 Ka5
40. Nc3 a3 41. Ra7+ Na6 42. Kf2 Bxc4 43. Ke3 Kb4 44. Kd2 Nc5 45. Ra8 Be6 46.
Rb8+ Kc4 47. Na2 Ne4+ 48. Ke3 Nc3 49. Ra8 Nb5 50. Kd2 Kb3 51. Nc1+ Kb2 52. Rb8
Bc4 53. f5 a2 54. Nxa2 Kxa2 55. Rb7 Nd6 56. Rxg7 Nxf5 57. Rxh7 Be6 58. g4 Nd6
59. h3 Kb3 60. Rh6 Nc4+ 61. Kd3 Bd7 62. Rh7 Ne5+ 63. Kd4 Nf3+ 64. Ke3 Bc6 65.
Kf4 Nd4 66. h4 Kc4 67. Re7 Kd5 68. h5 Ne6+ 69. Kf5 Ba4 70. g5 Bc2+ 71. Kf6 Nf4
72. h6 Kd6 73. Ra7 Bd3 74. Kg7 Ne6+ 75. Kf6 Nf4 76. Ra4 Nd5+ 77. Kf7 Bc2 78. Rd4
Ke5 1-0

[Event "4th Sunway Formentera Op"]
[Site "Sant Ferran de ses Roques ESP"]
[Date "2025.05.02"]
[Round "4.5"]
[White "Lasinskas, Povilas"]
[Black "Pimpalkhare, Vedant"]
[Result "0-1"]
[WhiteTitle "FM"]
[BlackTitle "CM"]
[WhiteElo "2105"]
[BlackElo "2199"]
[WhiteFideId "12800503"]
[BlackFideId "25048236"]
[EventDate "2025.04.29"]

1. d4 d5 2. c4 c6 3. Nf3 Nf6 4. Nc3 dxc4 5. a4 Bf5 6. Ne5 e6 7. e3 Bb4 8. Bxc4
Nbd7 9. Nxd7 Qxd7 10. O-O O-O 11. Qe2 Bg6 12. Bd2 Qe7 13. Rfd1 Rad8 14. Be1 e5
15. dxe5 Qxe5 16. Rxd8 Rxd8 17. Rd1 Bd6 18. g3 Re8 19. Qd2 Bc5 20. Be2 h5 21.
Bf3 Bf5 22. Ne2 Bg4 23. Bxg4 Nxg4 24. Qc3 Qf5 25. Nd4 Bxd4 26. Qxd4 Ne5 27. Qf4
Qc2 28. Rd2 Qb1 29. Re2 Nd3 30. Qf5 Qd1 31. Kf1 Rd8 32. e4 Qxa4 33. Qxh5 Qc4 34.
Qa5 Re8 35. Qc3 Rxe4 36. Qxc4 Rxc4 37. Re8+ Kh7 38. Bc3 Nc5 39. Re7 Kg8 40. Re8+
Kh7 41. Re7 Kg6 42. h4 Ne4 43. h5+ Kxh5 44. Bxg7 Kg6 45. Be5 Rb4 46. f3 Nd2+ 47.
Kf2 Rb3 48. Bc3 Nc4 49. Re2 a5 50. g4 a4 51. Bd4 c5 52. Bh8 f6 53. Re7 Rxb2+ 54.
Kg3 Rb3 55. Kh4 Rxf3 0-1

[Event "4th Sunway Formentera Op"]
[Site "Sant Ferran de ses Roques ESP"]
[Date "2025.05.02"]
[Round "4.6"]
[White "Steinhauer, Artur"]
[Black "Deodhar, Vrushali Umesh"]
[Result "1/2-1/2"]
[BlackTitle "WFM"]
[WhiteElo "2090"]
[BlackElo "2120"]
[WhiteFideId "16263596"]
[BlackFideId "5076030"]
[EventDate "2025.04.29"]

1. e4 e6 2. d4 d5 3. Nd2 c5 4. exd5 Qxd5 5. Ngf3 cxd4 6. Bc4 Qd6 7. O-O Nf6 8.
Nb3 Nc6 9. Nbxd4 Nxd4 10. Qxd4 Qxd4 11. Nxd4 Bd7 12. Bf4 Rc8 13. Bb3 Bc5 14.
Rad1 O-O 15. c3 Rfd8 16. h3 h6 17. Rfe1 Kf8 18. Be3 a6 19. Nc2 Bxe3 20. Nxe3 Bc6
21. f3 Nh5 22. Kf2 Nf6 23. Kg1 Nh5 24. Kf2 Nf6 25. Kg1 Nh5 26. Kf2 1/2-1/2

[Event "4th Sunway Formentera Op"]
[Site "Sant Ferran de ses Roques ESP"]
[Date "2025.05.02"]
[Round "4.7"]
[White "Suvradeepta, Das"]
[Black "Leidorf, Sebastian"]
[Result "1/2-1/2"]
[WhiteTitle "FM"]
[WhiteElo "2324"]
[BlackElo "2060"]
[WhiteFideId "5058031"]
[BlackFideId "24639001"]
[EventDate "2025.04.29"]

1. Nf3 d5 2. e3 Nf6 3. c4 e6 4. Nc3 Be7 5. b3 O-O 6. Bb2 b6 7. cxd5 Nxd5 8. Nxd5
Qxd5 9. Bc4 Qh5 10. Ne5 Qxd1+ 11. Rxd1 Nd7 12. O-O Nxe5 13. Bxe5 c6 14. f4 Rd8
15. a4 Bc5 16. h3 Kf8 17. Kh2 a5 18. d4 Bd6 19. Rc1 Bb7 20. Rf2 Rac8 21. Bxd6+
Rxd6 22. Rfc2 Rd7 23. Rb2 c5 24. Bb5 Rdc7 25. dxc5 Rxc5 26. Rd1 R5c7 27. Rd6 Bc6
28. Rbd2 Ke7 29. Bxc6 Rxc6 30. Rd7+ Ke8 1/2-1/2

[Event "4th Sunway Formentera Op"]
[Site "Sant Ferran de ses Roques ESP"]
[Date "2025.05.02"]
[Round "4.8"]
[White "Baillon, Olivier"]
[Black "Aishwin, Daniel"]
[Result "1/2-1/2"]
[BlackTitle "CM"]
[WhiteElo "2188"]
[BlackElo "2236"]
[WhiteFideId "616141"]
[BlackFideId "25037714"]
[EventDate "2025.04.29"]

1. c4 e6 2. Nf3 f5 3. g3 Nf6 4. Bg2 Be7 5. O-O O-O 6. d4 d6 7. Nc3 Ne4 8. Nxe4
fxe4 9. Ne1 d5 10. Be3 Nc6 11. Rc1 Na5 12. b3 Ba3 13. Rb1 Be7 14. Qc1 Bf6 15.
Nc2 Bd7 16. Qd2 Nc6 17. f3 exf3 18. Bxf3 Be8 19. Rbd1 Bg6 20. Nb4 Qd6 21. Nxc6
bxc6 22. Bf4 Qd7 23. e3 Bf5 24. g4 Bg6 25. Qg2 Be7 26. c5 Rf7 27. Qg3 Raf8 28.
Bg2 Bd8 29. h4 h6 30. h5 Bh7 31. Be5 Bf6 32. Bf4 Qe7 33. Be5 Bxe5 34. Qxe5 Rxf1+
35. Rxf1 Rxf1+ 36. Bxf1 Be4 37. Qg3 a5 38. a3 Bc2 39. b4 axb4 40. axb4 Be4 41.
Be2 Kf8 42. Kf2 Ke8 43. Ke1 Kd8 44. Kd2 Qg5 45. Kc3 Qf6 46. Kb3 Qf8 47. g5 hxg5
48. Qxg5+ Kc8 49. Qg3 Kd8 50. Ka4 Kd7 51. Ka5 g6 52. Qf4 Qxf4 53. exf4 gxh5 54.
Bxh5 Bd3 55. Ka4 Ke7 56. Kb3 Kf6 57. Kc3 Bg6 58. Bg4 Bb1 59. Kd2 Ba2 60. Be2 Bb3
61. Ke3 Bc2 62. Bg4 Bb3 63. Be2 Bc2 64. Kd2 Ba4 65. Bd3 Bb5 66. Bc2 Bc4 67. Ke3
Bb5 68. Kf3 Bc4 69. Ke3 1/2-1/2

[Event "4th Sunway Formentera Op"]
[Site "Sant Ferran de ses Roques ESP"]
[Date "2025.05.02"]
[Round "4.9"]
[White "Toniolo, Samuel"]
[Black "Fernandez Vazquez, Jorge"]
[Result "0-1"]
[WhiteElo "2115"]
[BlackElo "1991"]
[WhiteFideId "2849203"]
[BlackFideId "22222294"]
[EventDate "2025.04.29"]

1. e4 c6 2. d4 d5 3. exd5 cxd5 4. c4 Nf6 5. Nc3 Nc6 6. Bg5 Be6 7. Be2 Qa5 8. c5
Ne4 9. Nf3 Bg4 10. Qb3 O-O-O 11. Be3 e5 12. dxe5 Bxc5 13. Bxc5 Nxc5 14. Qb5 Qxb5
15. Nxb5 Bxf3 16. gxf3 Kb8 17. f4 Ne6 18. Nd6 Rhf8 19. Rg1 g6 20. Rg4 Ned4 21.
Rd1 f6 22. Rh4 Rd7 23. Nb5 Nf5 24. e6 Re7 25. Rh3 a6 26. Nc3 d4 27. Ne4 Rxe6 28.
Nc5 Re7 29. Kf1 Rc8 30. Rb3 Ka7 31. Rc1 Nd6 32. Na4 Na5 33. Rxc8 Nxb3 34. Rd8
Nd2+ 35. Ke1 Nf3+ 36. Kd1 Nf7 37. Rg8 Nh6 38. Rf8 Nxh2 39. Rxf6 N2g4 40. Rd6
Nxf2+ 41. Ke1 Nf5 42. Rd8 Nd3+ 43. Kd2 Nxf4 44. Bf3 Ne6 45. Rd5 h5 46. Re5 Ng5
47. Rxe7 Nxf3+ 48. Ke2 Ng1+ 49. Kf1 Nxe7 50. Kxg1 b5 51. Nc5 Kb6 52. b4 Nd5 53.
a3 Nc3 54. Kf1 Nb1 55. Ke2 Nxa3 56. Kd3 h4 57. Kxd4 Nc2+ 58. Kc3 Nxb4 59. Nd7+
Ka5 60. Kd4 0-1

[Event "4th Sunway Formentera Op"]
[Site "Sant Ferran de ses Roques ESP"]
[Date "2025.05.03"]
[Round "5.1"]
[White "Lopez Martinez, Josep Manuel"]
[Black "Dragnev, Valentin"]
[Result "0-1"]
[WhiteTitle "GM"]
[BlackTitle "GM"]
[WhiteElo "2460"]
[BlackElo "2538"]
[WhiteFideId "2212943"]
[BlackFideId "1634852"]
[EventDate "2025.04.29"]

1. Nf3 Nf6 2. d4 e6 3. c4 b6 4. g3 Ba6 5. b3 Bb4+ 6. Bd2 Be7 7. Nc3 d5 8. cxd5
exd5 9. Bg2 O-O 10. O-O Nbd7 11. Bc1 Re8 12. Bb2 c6 13. Qc2 Rc8 14. Rfd1 Bd6 15.
e3 Bb7 16. Rac1 Qe7 17. Nd2 Bb4 18. a3 Bxa3 19. Bxa3 Qxa3 20. Ra1 Qd6 21. Rxa7
Qb8 22. Raa1 c5 23. Qb2 cxd4 24. exd4 h5 25. Nb5 h4 26. Qa3 hxg3 27. hxg3 Rc2
28. Qb4 Nf8 29. Nd6 Re6 30. Nxb7 Qxb7 31. Nc4 Ne4 32. Bxe4 Rxe4 33. Rd2 Rxd2 34.
Nxd2 Re2 35. Nf3 Qc8 36. Re1 Qc2 37. Rxe2 Qxe2 38. Qc3 Ne6 39. Qe3 Qc2 40. Kf1
b5 41. Kg2 Qe4 42. Kf1 Qc2 43. Kg2 Qe4 44. Kf1 Kf8 45. Ke2 Qc2+ 46. Ke1 Ke7 47.
Kf1 f6 48. Kg2 Qe4 49. Kh2 b4 50. Kg1 g5 51. Kf1 Kd6 52. Qe2 Qxe2+ 53. Kxe2 g4
54. Nh2 Nxd4+ 55. Kd3 Nxb3 56. Nxg4 Nc5+ 57. Kc2 f5 58. Ne3 Ke5 59. f3 d4 60.
Nc4+ Kd5 61. Nb6+ Kc6 62. Nc4 Kd5 63. Nb6+ Kc6 64. Nc4 b3+ 65. Kb2 Kb5 66. Ne5
Kb4 67. Nc6+ Kc4 68. Na5+ Kd3 69. g4 f4 70. g5 Ke2 71. g6 d3 72. g7 d2 73. g8=Q
d1=Q 74. Nc4 Qd4+ 75. Ka3 Kxf3 76. Nd2+ Kf2 77. Qh7 Qa4+ 78. Kb2 Qd4+ 79. Ka3
Qa4+ 80. Kb2 Qa2+ 81. Kc3 Qa5+ 82. Kc4 Qxd2 0-1

[Event "4th Sunway Formentera Op"]
[Site "Sant Ferran de ses Roques ESP"]
[Date "2025.05.03"]
[Round "5.2"]
[White "Fedorchuk, Sergey A."]
[Black "Lemonnier, Remi"]
[Result "1-0"]
[WhiteTitle "GM"]
[WhiteElo "2563"]
[BlackElo "2099"]
[WhiteFideId "14102536"]
[BlackFideId "648280"]
[EventDate "2025.04.29"]

1. e4 c5 2. Nf3 d6 3. d4 cxd4 4. Nxd4 Nf6 5. Nc3 Nc6 6. Bg5 g6 7. Be2 Bg7 8. Nb3
O-O 9. O-O a6 10. Re1 b5 11. Bf1 Be6 12. Nd5 Bxd5 13. exd5 Ne5 14. a4 Qb6 15. c3
Qb7 16. axb5 axb5 17. Rxa8 Rxa8 18. Nd4 Nxd5 19. Nxb5 h6 20. Bd2 h5 21. c4 Nf6
22. h3 Ne4 23. Be3 Ra2 24. Bd4 Ng5 25. Re3 Ne6 26. Bc3 Bh6 27. Re1 Bg7 28. Qb1
Ra8 29. Qc1 g5 30. c5 Rc8 31. cxd6 Nf4 32. Qe3 Rxc3 33. bxc3 exd6 34. Nxd6 Qd7
35. Ne4 Qf5 36. Ng3 Qf6 37. Be2 g4 38. hxg4 Bh6 39. Ne4 Qh4 40. Qg3 Qxg3 41.
Nxg3 hxg4 42. Nf5 Bg5 43. Bd1 Bf6 44. Bb3 Ned3 45. Re8+ Kh7 46. Bc2 Bxc3 47. Re3
Nb4 48. Bb1 Nbd5 49. Re4 Kg6 50. Ne7+ Kg5 51. Nxd5 Nxd5 52. Rc4 Nf4 53. g3 Nh3+
54. Kg2 Be1 55. f4+ 1-0

[Event "4th Sunway Formentera Op"]
[Site "Sant Ferran de ses Roques ESP"]
[Date "2025.05.03"]
[Round "5.3"]
[White "Bauer, Thomas"]
[Black "Omelja, Artem"]
[Result "0-1"]
[WhiteTitle "CM"]
[BlackTitle "GM"]
[WhiteElo "2245"]
[BlackElo "2397"]
[WhiteFideId "1639293"]
[BlackFideId "14119846"]
[EventDate "2025.04.29"]

1. e4 c6 2. d4 d5 3. e5 Bf5 4. Be3 e6 5. Nd2 Ne7 6. Ngf3 Bg6 7. Nb3 Nf5 8. Bd2
Nd7 9. Be2 Be7 10. O-O O-O 11. a4 c5 12. dxc5 Bh5 13. Ne1 Bxe2 14. Qxe2 Nxc5 15.
Nxc5 Bxc5 16. Nd3 Be7 17. c3 Rc8 18. b3 Qb6 19. Rab1 Qa6 20. Rb2 f6 21. Re1 fxe5
22. Nxe5 Qxe2 23. Rxe2 Bf6 24. f3 Rfe8 25. Rb1 Ne7 26. Rbe1 Nc6 27. Ng4 Kf7 28.
f4 b6 29. Re3 Na5 30. Nxf6 gxf6 31. Rb1 Nb7 32. Rh3 Rh8 33. Be1 Nd6 34. Bf2 Ne4
35. Bd4 h5 36. Rd3 Kg6 37. g3 Kf5 38. a5 e5 39. fxe5 fxe5 40. Rf1+ Ke6 41. Be3
Rxc3 42. Rxc3 Nxc3 43. axb6 d4 44. Bg5 Ne4 45. h4 axb6 46. Kg2 Rg8 47. Ra1 Kd5
48. Ra6 Nxg5 49. hxg5 Rxg5 50. Rxb6 h4 51. Kf3 Rxg3+ 52. Kf2 Ke4 53. Rh6 Rxb3
54. Rxh4+ Kd3 55. Kf3 Rb8 0-1

[Event "4th Sunway Formentera Op"]
[Site "Sant Ferran de ses Roques ESP"]
[Date "2025.05.03"]
[Round "5.4"]
[White "Pimpalkhare, Vedant"]
[Black "Deodhar, Vrushali Umesh"]
[Result "1/2-1/2"]
[WhiteTitle "CM"]
[BlackTitle "WFM"]
[WhiteElo "2199"]
[BlackElo "2120"]
[WhiteFideId "25048236"]
[BlackFideId "5076030"]
[EventDate "2025.04.29"]

1. Nf3 d5 2. e3 c6 3. c4 Nf6 4. Nc3 g6 5. d4 Bg7 6. Be2 O-O 7. O-O Bg4 8. cxd5
cxd5 9. Qb3 b6 10. Bd2 e6 11. Rfc1 Ne4 12. Be1 a6 13. h3 Bxf3 14. Bxf3 Nf6 15.
Rc2 Nbd7 16. Rac1 Re8 17. a4 Qb8 18. Na2 Ne4 19. Nb4 Bf8 20. Nc6 Qb7 21. Na5 Qb8
22. Nc6 Qb7 23. Na5 Qb8 24. Nc6 Qb7 1/2-1/2

[Event "4th Sunway Formentera Op"]
[Site "Sant Ferran de ses Roques ESP"]
[Date "2025.05.03"]
[Round "5.5"]
[White "Sudarshan, Bhat"]
[Black "Steinhauer, Artur"]
[Result "1-0"]
[WhiteElo "2103"]
[BlackElo "2090"]
[WhiteFideId "35070843"]
[BlackFideId "16263596"]
[EventDate "2025.04.29"]

1. e4 e5 2. Nf3 Nc6 3. Bc4 Nf6 4. Ng5 d5 5. exd5 Na5 6. Bb5+ c6 7. dxc6 bxc6 8.
Bd3 Nd5 9. Nf3 Bd6 10. O-O O-O 11. Re1 f5 12. Nxe5 Qf6 13. Nf3 g5 14. c4 Nf4 15.
Bf1 g4 16. d4 gxf3 17. Qxf3 Ne6 18. d5 Nd4 19. Qc3 Nb7 20. b4 Bxb4 21. Qxb4 Nc2
22. Qd2 Nxe1 23. Bb2 Qg6 24. Qxe1 Re8 25. Qd1 Nc5 26. Nd2 Ne4 27. Nxe4 fxe4 28.
Rc1 Ba6 29. Rc3 e3 30. fxe3 cxd5 31. Qxd5+ Qe6 32. e4 Qxd5 33. exd5 Re1 34. Kf2
Rb1 35. Rg3+ Kf7 36. Rg7+ Kf8 37. Bd4 Rxf1+ 38. Kxf1 Bxc4+ 39. Kf2 Bxd5 40. Rxh7
Bxa2 41. Bxa7 Bd5 42. Bd4 Ba2 43. Ba7 Bf7 44. Rh8+ Bg8 45. Bd4 Kf7 46. h4 Kg6
47. g4 Bd5 48. Rh5 Ra2+ 49. Ke3 Be6 50. Re5 Bc8 51. Rc5 Bd7 52. Kf3 Ra4 53. Rg5+
Kh6 54. Bg7+ Kh7 55. Bc3 Kh6 56. Rg7 Be8 57. g5+ Kh5 58. Rh7+ Kg6 59. Rh6+ Kf7
60. g6+ Ke7 61. Rh7+ Ke6 62. g7 Bf7 63. Rh6+ Ke7 64. Bf6+ Kd7 65. Rh8 Ke6 66.
Bg5 Ra3+ 67. Kg4 Ra4+ 68. Bf4 Ra1 69. g8=Q Rg1+ 70. Bg3 1-0